| 000 | 00883nmc a2200301 a 4500 | ||
|---|---|---|---|
| 003 | AR-BaBNM | ||
| 005 | 20251128204428.0 | ||
| 008 | 011101s1994 ||||||||||||||000 | spa|| | ||
| 020 | _a950-500-304-8 | ||
| 040 | _cAR-BaBNM | ||
| 100 | 1 | _aPrato, Norma Lidia | |
| 245 | 1 | 0 | _aAbordaje de la gramática desde una perspectiva psicolingüística |
| 260 |
_aBuenos Aires _bGuadalupe _c1994 |
||
| 300 | _a89 p. | ||
| 490 | 0 | _aBiblioteca pedagógica. Metodología de la enseñanza | |
| 500 | _aContiene referencias bibliográficas | ||
| 650 | 4 | _aGRAMATICA | |
| 650 | 4 | _aLINGUISTICA | |
| 650 | 4 | _aPSICOLINGUISTICA | |
| 650 | 4 | _aENSENANZA DE LA ESCRITURA | |
| 650 | 4 | _aANALISIS LINGUISTICO | |
| 653 | _aENSENANZA DE LA LENGUA | ||
| 653 | _aEDUCACION PRIMARIA | ||
| 653 | _aANALISIS DEL DISCURSO | ||
| 800 | 1 |
_aTavarone, Domingo _edirector |
|
| 942 | _cBK | ||
| 998 | _claura | ||
| 999 |
_c7394 _d7394 |
||